<?xml version="1.0" encoding="UTF-8"?>
<record
    xmlns:xsi="http://www.w3.org/2001/XMLSchema-instance"
    xsi:schemaLocation="http://www.loc.gov/MARC21/slim http://www.loc.gov/standards/marcxml/schema/MARC21slim.xsd"
    xmlns="http://www.loc.gov/MARC21/slim">

  <leader>00722nam a2200181 a 4500</leader>
  <controlfield tag="001">BRCA_1742</controlfield>
  <controlfield tag="005">20190320203529.0</controlfield>
  <controlfield tag="008">140508s1992----mx-#---###---#000-0#spa-#</controlfield>
  <datafield tag="050" ind1=" " ind2="4">
    <subfield code="a">F1391.P8</subfield>
    <subfield code="b">.L43 82</subfield>
    <subfield code="c">1992</subfield>
  </datafield>
  <datafield tag="100" ind1="1" ind2=" ">
    <subfield code="a">Tirado Villegas, Gloria</subfield>
    <subfield code="9">5437</subfield>
  </datafield>
  <datafield tag="245" ind1="1" ind2="0">
    <subfield code="a">Cultura obrera</subfield>
    <subfield code="b">el caso de los ferrocarrileros : Puebla a principios de siglo</subfield>
    <subfield code="c">Gloria Tirado Villegas.</subfield>
  </datafield>
  <datafield tag="260" ind1=" " ind2=" ">
    <subfield code="a">Puebla, M&#xE9;xico</subfield>
    <subfield code="b">Gobierno del Estado de Puebla : Secretar&#xED;a de Cultura : Comisi&#xF3;n Puebla V Centenario</subfield>
    <subfield code="c">1992</subfield>
  </datafield>
  <datafield tag="300" ind1=" " ind2=" ">
    <subfield code="a">13 p.</subfield>
    <subfield code="c">21 cm.</subfield>
  </datafield>
  <datafield tag="440" ind1=" " ind2="0">
    <subfield code="a">Lecturas Hist&#xF3;ricas de Puebla</subfield>
    <subfield code="n">82</subfield>
    <subfield code="9">5438</subfield>
  </datafield>
  <datafield tag="650" ind1="1" ind2="4">
    <subfield code="a">Ferrocarriles</subfield>
    <subfield code="x">Empleados - Historia</subfield>
    <subfield code="z">Puebla (M&#xE9;xico)</subfield>
    <subfield code="9">5439</subfield>
  </datafield>
  <datafield tag="651" ind1=" " ind2="4">
    <subfield code="a">Puebla (M&#xE9;xico)</subfield>
    <subfield code="x">Historia</subfield>
    <subfield code="9">409</subfield>
  </datafield>
  <datafield tag="942" ind1=" " ind2=" ">
    <subfield code="2">lcc</subfield>
    <subfield code="c">B</subfield>
  </datafield>
  <datafield tag="999" ind1=" " ind2=" ">
    <subfield code="c">1526</subfield>
    <subfield code="d">1526</subfield>
  </datafield>
  <datafield tag="952" ind1=" " ind2=" ">
    <subfield code="0">0</subfield>
    <subfield code="1">0</subfield>
    <subfield code="4">0</subfield>
    <subfield code="7">0</subfield>
    <subfield code="a">BRCA</subfield>
    <subfield code="b">BRCA</subfield>
    <subfield code="d">2008-06-27</subfield>
    <subfield code="l">0</subfield>
    <subfield code="o">F1391.P8 .L43 82 1992</subfield>
    <subfield code="p">00434</subfield>
    <subfield code="r">2019-03-22 00:00:00</subfield>
    <subfield code="w">2019-03-22</subfield>
    <subfield code="y">B</subfield>
  </datafield>
</record>
